[Event "BCF-chT2b 1920 (4NCL)"]
[Site "Daventry"]
[Date "2020.01.12"]
[Round "4.53"]
[White "Ward, Julian T"]
[Black "McKenna, Jason P"]
[Result "1-0"]
[WhiteElo "2155"]
[BlackElo "2092"]
[PlyCount "161"]
[EventDate "2020.01.11"]
[EventType "team-tourn"]
[EventRounds "11"]
[EventCountry "ENG"]
[SourceTitle "CBM 194 Extra"]
[Source "ChessBase"]
[SourceDate "2020.03.31"]
[SourceVersion "1"]
[SourceVersionDate "2020.03.31"]
[SourceQuality "1"]
[WhiteTeam "Kings Head"]
[BlackTeam "Oxford"]
[WhiteTeamCountry "ENG"]
[BlackTeamCountry "ENG"]

1. Nf3 g6 2. g3 Bg7 3. d4 Nf6 4. Bg2 0-0 5. 0-0 d6 6. c4 c6 7. Nc3 a6 8. e4 b5 9. cxb5 axb5 10. e5 Ne8 11. Bf4 b4 12. Ne4 Be6 13. Qd2 Bd5 14. Rfe1 Na6 15. h4 Qc7 16. h5 Rd8 17. hxg6 hxg6 18. exd6 exd6 19. Bh6 f5 20. Bxg7 Qxg7 21. Neg5 Nf6 22. a3 b3 23. Nh4 Nc7 24. Bxd5+ Nfxd5 25. Ne6 Nxe6 26. Rxe6 Rf6 27. Rae1 Qf7 28. Rxf6 Qxf6 29. Qh6 Kf7 30. Qh7+ Qg7 31. Qxg7+ Kxg7 32. Re6 Kf7 33. Rxg6 Nf6 34. Rg5 Re8 35. Kf1 f4 36. gxf4 Re4 37. Nf5 Rxf4 38. Nxd6+ Ke6 39. Nb7 Rxd4 40. Nc5+ Kf7 41. Nxb3 Rd1+ 42. Kg2 Rb1 43. Nd4 Rxb2 44. Nxc6 Ne4 45. Rf5+ Kg6 46. Ne7+ Kh6 47. a4 Ra2 48. a5 Nxf2 49. Kf3 Nd1 50. Rd5 Ra3+ 51. Kf4 Ra4+ 52. Ke5 Nb2 53. Kf6 Nc4 54. Rd4 Kh5 55. Nf5 Nb2 56. Rxa4 Nxa4 57. Ng7+ Kh6 58. Ne6 Nc3 59. Nc7 Ne4+ 60. Ke5 Nc5 61. Kd5 Nd7 62. Nb5 Nb8 63. Nd4 Na6 64. Nb3 Nb4+ 65. Kc4 Na6 66. Kb5 Nc7+ 67. Kc6 Na6 68. Nc5 Nb4+ 69. Kb5 Nd5 70. Nd7 Kg7 71. Kc5 Nc7 72. Kb6 Nd5+ 73. Kb7 Nb4 74. Nb8 Nd3 75. Kb6 Nb4 76. Nc6 Nd5+ 77. Kb7 Nc3 78. a6 Nb5 79. Nd4 Nd6+ 80. Kc7 Ne8+ 81. Kd8 1-0

[Event "BCF-chT3Sb 1819 (4NCL)"]
[Site "England"]
[Date "2019.04.13"]
[Round "7.81"]
[White "McKenna, Jason P"]
[Black "Josse, Mark"]
[Result "0-1"]
[WhiteElo "2125"]
[BlackElo "2188"]
[PlyCount "80"]
[EventDate "2018.11.17"]
[EventType "team-tourn"]
[EventRounds "7"]
[EventCountry "ENG"]
[SourceTitle "EXT 2021"]
[Source "ChessBase"]
[SourceDate "2020.10.23"]
[SourceVersion "1"]
[SourceVersionDate "2020.10.23"]
[SourceQuality "1"]
[WhiteTeam "Oxford II"]
[BlackTeam "The Rookies"]
[WhiteTeamCountry "ENG"]
[BlackTeamCountry "ENG"]

1. e4 c5 2. Nf3 e6 3. d4 cxd4 4. Nxd4 Nf6 5. Nc3 d6 6. Be2 a6 7. 0-0 Qc7 8. a4 Nc6 9. Be3 Be7 10. Kh1 0-0 11. f4 Nxd4 12. Qxd4 e5 13. Qd2 Bd7 14. fxe5 dxe5 15. Bg5 Bc6 16. Bxf6 Bxf6 17. Nd5 Bxd5 18. exd5 Be7 19. c4 a5 20. Rad1 Bd6 21. Qe3 Rad8 22. b3 Qe7 23. Qe4 g6 24. g4 Qh4 25. Qg2 e4 26. Qf2 Qxf2 27. Rxf2 f5 28. gxf5 gxf5 29. Rdf1 f4 30. Bg4 b6 31. Re2 e3 32. Rf3 Kg7 33. Rh3 Rf6 34. Rh5 Rg6 35. Bf3 Kf6 36. Bg4 Rgg8 37. Rf5+ Ke7 38. h3 Rdf8 39. Rxf8 Kxf8 40. Rg2 Rxg4 0-1

[Event "Douglas IoM op-B"]
[Site "Douglas"]
[Date "2018.10.24"]
[Round "3"]
[White "McKenna, Jason P"]
[Black "Briem, Stephan"]
[Result "1-0"]
[WhiteElo "2095"]
[BlackElo "2038"]
[PlyCount "97"]
[EventDate "2018.10.22"]
[EventType "swiss"]
[EventRounds "7"]
[EventCountry "IOM"]
[SourceTitle "CBM 187 Extra"]
[Source "ChessBase"]
[SourceDate "2018.11.04"]
[SourceVersion "1"]
[SourceVersionDate "2018.11.04"]
[SourceQuality "1"]

1. e4 c5 2. Nf3 d6 3. d4 cxd4 4. Nxd4 Nf6 5. Nc3 a6 6. Nb3 e5 7. Bg5 Be7 8. Qd2 Be6 9. 0-0-0 Nbd7 10. f3 0-0 11. Be3 b5 12. g4 b4 13. Nd5 Bxd5 14. exd5 a5 15. Kb1 a4 16. Nc1 Nb6 17. Bxb6 Qxb6 18. h4 Nd7 19. Nd3 b3 20. cxb3 axb3 21. a3 Rac8 22. Nb4 Rc5 23. Bd3 Qb7 24. g5 Nb6 25. h5 f5 26. gxf6 Bxf6 27. Qe2 h6 28. Qe4 Kf7 29. Nc6 Rg8 30. f4 Nd7 31. Qg6+ Kf8 32. Bf5 exf4 33. Rhe1 Ne5 34. Nxe5 Bxe5 35. Be6 Rc2 36. Rxe5 dxe5 37. Qf5+ Ke8 38. Bxg8 Re2 39. Qg6+ Kd8 40. Qd6+ Ke8 41. Bh7 Qd7 42. Bg6+ Kd8 43. Qf8+ Kc7 44. Rc1+ Kb7 45. Qb4+ Ka7 46. Rc5 Qb7 47. Ra5+ Kb8 48. Qf8+ Kc7 49. Qe7+ 1-0

[Event "BCF-chT3Sb 1718 (4NCL)"]
[Site "England"]
[Date "2018.02.10"]
[Round "5.71"]
[White "Josse, Mark"]
[Black "McKenna, Jason P"]
[Result "1-0"]
[WhiteElo "2152"]
[BlackElo "2101"]
[PlyCount "69"]
[EventDate "2017.11.11"]
[EventType "team-tourn"]
[EventRounds "11"]
[EventCountry "ENG"]
[SourceTitle "EXT 2020"]
[Source "ChessBase"]
[SourceDate "2019.10.17"]
[SourceVersion "1"]
[SourceVersionDate "2019.10.17"]
[SourceQuality "1"]
[WhiteTeam "The Rookies"]
[BlackTeam "Oxford II"]
[WhiteTeamCountry "ENG"]
[BlackTeamCountry "ENG"]

1. c4 g6 2. e4 Bg7 3. d4 d6 4. Nc3 Nf6 5. h3 0-0 6. Nf3 e5 7. d5 Na6 8. Nd2 c6 9. Be2 Bd7 10. Rb1 c5 11. a3 Ne8 12. h4 h6 13. h5 g5 14. Bg4 Qc8 15. Bxd7 Qxd7 16. Nf1 f5 17. exf5 Qxf5 18. Be3 Nac7 19. Ng3 Qd7 20. Qd3 a6 21. b4 b6 22. bxc5 bxc5 23. Rb6 Rf7 24. Nce4 Bf8 25. 0-0 Ng7 26. Rfb1 Nf5 27. Nxf5 Qxf5 28. Rb7 Ne8 29. Rxf7 Qxf7 30. Ng3 Ng7 31. Qg6 Qxg6 32. hxg6 Be7 33. Rb7 Kf8 34. Kf1 h5 35. Ne4 1-0

[Event "GBR-ch 102nd"]
[Site "Coventry"]
[Date "2015.07.31"]
[Round "5"]
[White "Zhu, Richard"]
[Black "McKenna, Jason P"]
[Result "0-1"]
[WhiteElo "1869"]
[BlackElo "2175"]
[PlyCount "76"]
[EventDate "2015.07.27"]
[EventType "swiss"]
[EventRounds "11"]
[EventCountry "ENG"]
[SourceTitle "CBM 167 Extra"]
[Source "ChessBase"]
[SourceDate "2015.09.14"]
[SourceVersion "1"]
[SourceVersionDate "2015.09.14"]
[SourceQuality "1"]

1. d4 g6 2. c4 Bg7 3. g3 Nf6 4. Bg2 0-0 5. Nc3 d6 6. Nf3 c6 7. 0-0 a6 8. e4 b5 9. cxb5 axb5 10. Qc2 b4 11. Ne2 Qb6 12. b3 Nbd7 13. h3 Ba6 14. Rd1 Rac8 15. Bb2 Nh5 16. g4 Bxe2 17. Qxe2 Nf4 18. Qe3 Nxg2 19. Kxg2 Qb5 20. Qd2 Nf6 21. Qe3 Rc7 22. Rd2 Ra8 23. a4 bxa3 24. Rxa3 Rxa3 25. Bxa3 Ra7 26. Bc1 Ra1 27. Rc2 Qa6 28. Nd2 h5 29. f3 hxg4 30. hxg4 Nd7 31. b4 Qa4 32. Qd3 Qxb4 33. Rxc6 Bxd4 34. Rc8+ Kg7 35. Nb3 Ra2+ 36. Kh3 Be5 37. f4 Qe1 38. Qf3 Rf2 0-1

[Event "GBR-ch 102nd"]
[Site "Coventry"]
[Date "2015.07.28"]
[Round "2"]
[White "McKenna, Jason P"]
[Black "Hebden, Mark"]
[Result "0-1"]
[WhiteElo "2175"]
[BlackElo "2500"]
[PlyCount "138"]
[EventDate "2015.07.27"]
[EventType "swiss"]
[EventRounds "11"]
[EventCountry "ENG"]
[SourceTitle "CBM 167 Extra"]
[Source "ChessBase"]
[SourceDate "2015.09.14"]
[SourceVersion "1"]
[SourceVersionDate "2015.09.14"]
[SourceQuality "1"]

1. e4 e5 2. Nf3 Nc6 3. Bb5 a6 4. Ba4 Nf6 5. 0-0 Be7 6. Re1 b5 7. Bb3 0-0 8. a4 Bb7 9. d3 d6 10. Nbd2 Na5 11. Ba2 c5 12. Nf1 b4 13. Ne3 Rb8 14. Nd2 Re8 15. Ndc4 Nxc4 16. Bxc4 Bf8 17. Qf3 Qd7 18. h3 Rbd8 19. b3 d5 20. exd5 Nxd5 21. Nxd5 Bxd5 22. Bxd5 Qxd5 23. Qxd5 Rxd5 24. Bb2 Bd6 25. g4 f6 26. Kg2 Kf7 27. Kf3 Bc7 28. Re4 Rh8 29. Rc4 h5 30. Kg2 Bd6 31. Re1 Bf8 32. Rce4 Rd7 33. R1e3 Bd6 34. Rf3 Ke6 35. Rfe3 Kd5 36. f3 Re7 37. Rc4 g6 38. Rce4 f5 39. Rc4 Rf8 40. g5 Rfe8 41. Re1 e4 42. fxe4+ fxe4 43. dxe4+ Rxe4 44. Rd1+ Kc6 45. Rxe4 Rxe4 46. Kf3 Rf4+ 47. Kg2 c4 48. Bc1 Re4 49. Kf3 Rh4 50. Kg2 Bf4 51. Bxf4 Rxf4 52. Rd8 cxb3 53. cxb3 Re4 54. Kf3 Re6 55. Rd4 a5 56. h4 Re1 57. Re4 Rb1 58. Re6+ Kd5 59. Rxg6 Rxb3+ 60. Kf4 Ra3 61. Rb6 Rxa4 62. g6 Ra1 63. Kf5 Kc5 64. Rb8 Rg1 65. Ra8 Kb5 66. Kf6 a4 67. Re8 a3 68. Re5+ Ka4 69. Rg5 Rxg5 0-1

[Event "BCF-chT2b 1213 (4NCL)"]
[Site "England"]
[Date "2013.02.24"]
[Round "6.77"]
[White "Morrison, Lynne GP"]
[Black "McKenna, Jason P"]
[Result "0-1"]
[WhiteElo "1905"]
[BlackElo "2143"]
[PlyCount "50"]
[EventDate "2012.11.03"]
[EventType "team-tourn"]
[EventRounds "7"]
[EventCountry "ENG"]
[SourceTitle "EXT 2014"]
[Source "ChessBase"]
[SourceDate "2013.11.20"]
[SourceVersion "1"]
[SourceVersionDate "2013.11.20"]
[SourceQuality "1"]
[WhiteTeam "Barbican Youth"]
[BlackTeam "3CS Oldham"]
[WhiteTeamCountry "ENG"]
[BlackTeamCountry "ENG"]

1. d4 g6 2. Bg5 Bg7 3. c3 Nf6 4. Nf3 0-0 5. Nbd2 d6 6. e4 c5 7. Bc4 cxd4 8. Nxd4 Nc6 9. N4f3 a6 10. 0-0 b5 11. Bb3 Bb7 12. Re1 Nd7 13. Nf1 b4 14. cxb4 Nxb4 15. Qd2 a5 16. a3 Nc5 17. Bc2 Nxc2 18. Qxc2 Rc8 19. Qe2 Nxe4 20. Bh4 d5 21. Rad1 Qc7 22. Ne3 e6 23. Nd4 Qb6 24. Nec2 Ba6 25. Qg4 e5 0-1

[Event "BCF-chT2b 1213 (4NCL)"]
[Site "England"]
[Date "2013.02.23"]
[Round "5.57"]
[White "McKenna, Jason P"]
[Black "Bellin, Jana"]
[Result "1-0"]
[WhiteElo "2143"]
[BlackElo "2128"]
[PlyCount "81"]
[EventDate "2012.11.03"]
[EventType "team-tourn"]
[EventRounds "7"]
[EventCountry "ENG"]
[SourceTitle "EXT 2014"]
[Source "ChessBase"]
[SourceDate "2013.11.20"]
[SourceVersion "1"]
[SourceVersionDate "2013.11.20"]
[SourceQuality "1"]
[WhiteTeam "3CS Oldham"]
[BlackTeam "The ADS"]
[WhiteTeamCountry "ENG"]
[BlackTeamCountry "ENG"]

1. e4 c5 2. Nf3 e6 3. d4 cxd4 4. Nxd4 a6 5. Bd3 Nf6 6. 0-0 d6 7. c4 b6 8. Nc3 Bb7 9. Qe2 Nc6 10. Nxc6 Bxc6 11. f4 Be7 12. b3 0-0 13. Bb2 b5 14. cxb5 Qb6+ 15. Kh1 axb5 16. e5 dxe5 17. fxe5 Nd5 18. Nxd5 Bxd5 19. Bxb5 Rac8 20. Bd3 Qb7 21. Rf4 Rc7 22. Raf1 Bc5 23. Rh4 g6 24. Bc1 Rfc8 25. Bg5 Be7 26. Bf6 Rc1 27. Rhf4 Ba3 28. h4 Rxf1+ 29. Rxf1 Rc3 30. Rd1 Qb4 31. Kh2 Qf4+ 32. g3 Qb4 33. Bc4 Rc1 34. Bxd5 Rxd1 35. Qxd1 exd5 36. Qxd5 Qc3 37. Qd8+ Bf8 38. Qd5 Qb2+ 39. Kh3 Qxa2 40. e6 Qa7 41. Qd7 1-0

[Event "Gibraltar Masters 11th"]
[Site "Caleta"]
[Date "2013.01.30"]
[Round "9"]
[White "Kriebel, Tadeas"]
[Black "McKenna, Jason P"]
[Result "1/2-1/2"]
[WhiteElo "2369"]
[BlackElo "2110"]
[PlyCount "73"]
[EventDate "2013.01.22"]
[EventType "swiss"]
[EventRounds "10"]
[EventCountry "GGB"]
[SourceTitle "CBM 153"]
[Source "ChessBase"]
[SourceDate "2013.03.14"]
[SourceVersion "1"]
[SourceVersionDate "2013.03.14"]
[SourceQuality "1"]

1. e4 g6 2. d4 Bg7 3. Nc3 d6 4. f4 Nf6 5. Nf3 0-0 6. Be3 b6 7. Qe2 Bb7 8. e5 Nd5 9. Nxd5 Bxd5 10. a3 e6 11. 0-0-0 Nd7 12. h4 c5 13. exd6 Nf6 14. dxc5 Ne4 15. Rh3 bxc5 16. Ne5 Rb8 17. c4 Ba8 18. Qc2 f6 19. Nd3 f5 20. Ne5 Rb6 21. Bd3 Rxd6 22. Rhh1 Qa5 23. h5 Rb8 24. hxg6 hxg6 25. g4 Rdb6 26. Qh2 Rxb2 27. Qh7+ Kf8 28. Nxg6+ Kf7 29. Ne5+ Kf8 30. Nd7+ Kf7 31. Qh5+ Kg8 32. Qh7+ Kf7 33. Ne5+ Kf8 34. Nd7+ Kf7 35. Qh5+ Kg8 36. Qh7+ Kf7 37. Ne5+ 1/2-1/2

[Event "Gibraltar Masters 11th"]
[Site "Caleta"]
[Date "2013.01.27"]
[Round "6"]
[White "McKenna, Jason P"]
[Black "Wilson, Matthew R"]
[Result "1-0"]
[WhiteElo "2110"]
[BlackElo "1827"]
[PlyCount "47"]
[EventDate "2013.01.22"]
[EventType "swiss"]
[EventRounds "10"]
[EventCountry "GGB"]
[SourceTitle "CBM 153"]
[Source "ChessBase"]
[SourceDate "2013.03.14"]
[SourceVersion "1"]
[SourceVersionDate "2013.03.14"]
[SourceQuality "1"]

1. e4 c5 2. Nf3 e6 3. d4 cxd4 4. Nxd4 a6 5. Bd3 Nc6 6. Nxc6 bxc6 7. c4 d5 8. cxd5 cxd5 9. exd5 Qxd5 10. Nc3 Bb4 11. Qa4+ Bd7 12. Qxb4 Qxd3 13. Bg5 Qf5 14. Ne4 Qe5 15. f4 Rb8 16. fxe5 Rxb4 17. Nd6+ Kf8 18. 0-0-0 Bc6 19. Rhf1 f5 20. exf6 Nxf6 21. Bxf6 gxf6 22. Rxf6+ Ke7 23. Rf7+ Kd8 24. Nf5+ 1-0

[Event "Hastings Masters op 88th"]
[Site "Hastings"]
[Date "2012.12.31"]
[Round "4"]
[White "Vocaturo, Daniele"]
[Black "McKenna, Jason P"]
[Result "1-0"]
[WhiteElo "2521"]
[BlackElo "2102"]
[PlyCount "99"]
[EventDate "2012.12.28"]
[EventType "swiss"]
[EventRounds "10"]
[EventCountry "ENG"]
[SourceTitle "CBM 152 Extra"]
[Source "ChessBase"]
[SourceDate "2013.02.25"]
[SourceVersion "1"]
[SourceVersionDate "2013.02.25"]
[SourceQuality "1"]

1. c4 g6 2. g3 Bg7 3. Bg2 d6 4. Nc3 c5 5. d3 Nc6 6. Qd2 e5 7. Bxc6+ bxc6 8. b3 Be6 9. Bb2 Ne7 10. 0-0-0 Qc7 11. e3 0-0 12. h3 Nc8 13. f4 a5 14. fxe5 Bxe5 15. Ne4 d5 16. Nxc5 Bxb2+ 17. Kxb2 Qxg3 18. cxd5 cxd5 19. Ne2 Qd6 20. Rc1 Nb6 21. Nd4 Rfc8 22. Qh2 Qe7 23. Ncxe6 fxe6 24. Qe5 Nd7 25. Qxe6+ Qxe6 26. Nxe6 Rxc1 27. Rxc1 Re8 28. Nc5 Nf6 29. Re1 Nh5 30. Kc3 Nf4 31. Kd4 Nxh3 32. Kxd5 Nf4+ 33. Kd4 g5 34. e4 g4 35. Rf1 Nh3 36. Ke3 Kg7 37. d4 h5 38. Nd3 g3 39. Nf4 Nxf4 40. Rxf4 Rc8 41. Kf3 Rc3+ 42. Kg2 Rc2+ 43. Kxg3 Rxa2 44. Rf3 a4 45. bxa4 Rxa4 46. Rd3 Kf6 47. Kf4 Ra1 48. e5+ Ke7 49. Rb3 Rd1 50. Ke4 1-0

[Event "London Classic op 4th"]
[Site "London"]
[Date "2012.12.06"]
[Round "6"]
[White "McKenna, Jason P"]
[Black "Zhou, Yang Fan"]
[Result "0-1"]
[WhiteElo "2102"]
[BlackElo "2419"]
[PlyCount "64"]
[EventDate "2012.12.01"]
[EventType "swiss"]
[EventRounds "9"]
[EventCountry "ENG"]
[SourceTitle "CBM 151 Extra"]
[Source "ChessBase"]
[SourceDate "2012.12.18"]
[SourceVersion "1"]
[SourceVersionDate "2012.12.18"]
[SourceQuality "1"]

1. e4 c5 2. Nf3 Nc6 3. d4 cxd4 4. Nxd4 e6 5. Nc3 Qc7 6. g3 a6 7. Bg2 h5 8. Nxc6 dxc6 9. h4 Nf6 10. Bg5 Be7 11. Qe2 e5 12. 0-0 Be6 13. a4 a5 14. Nd1 g6 15. Ne3 0-0 16. Rad1 Rfd8 17. b3 Kg7 18. Rxd8 Rxd8 19. Rd1 Rxd1+ 20. Qxd1 Bc5 21. Qd3 Nd7 22. Nd1 Bd4 23. Be3 c5 24. Qd2 Bxe3 25. Nxe3 c4 26. Nd5 Qc5 27. Bf1 Bxd5 28. exd5 c3 29. Qd3 Qd4 30. Qxd4 exd4 31. f4 Nc5 32. d6 Kf6 0-1

[Event "London Classic op 4th"]
[Site "London"]
[Date "2012.12.02"]
[Round "2"]
[White "McKenna, Jason P"]
[Black "Rusek, Walter"]
[Result "1-0"]
[WhiteElo "2102"]
[BlackElo "1831"]
[PlyCount "97"]
[EventDate "2012.12.01"]
[EventType "swiss"]
[EventRounds "9"]
[EventCountry "ENG"]
[SourceTitle "CBM 151 Extra"]
[Source "ChessBase"]
[SourceDate "2012.12.18"]
[SourceVersion "1"]
[SourceVersionDate "2012.12.18"]
[SourceQuality "1"]

1. e4 e6 2. d4 d5 3. Nc3 dxe4 4. Nxe4 Bd7 5. Nf3 Bc6 6. Bd3 Nd7 7. 0-0 Ngf6 8. Ned2 Be7 9. Re1 0-0 10. Nc4 Nd5 11. c3 N5b6 12. Nce5 Nxe5 13. Nxe5 Be8 14. Qf3 c6 15. Qh3 f5 16. Nc4 Bf7 17. Nxb6 axb6 18. Bc4 Qd7 19. Qe3 c5 20. Bxe6 cxd4 21. Bxd7 dxe3 22. Bxe3 Rxa2 23. Rxa2 Bxa2 24. Bxb6 Rf7 25. Be6 Bxe6 26. Rxe6 Bg5 27. Re8+ Rf8 28. Rxf8+ Kxf8 29. Kf1 Ke7 30. Ke2 Kd6 31. Kd3 g6 32. b4 Kc6 33. Be3 Bf6 34. Bd4 Bg5 35. Be3 Bf6 36. c4 b5 37. Bd4 Bg5 38. Bc3 Bf4 39. g3 Bg5 40. Bd4 Bh6 41. Be3 Bg7 42. Bc5 Bh6 43. cxb5+ Kxb5 44. Kd4 f4 45. g4 f3 46. Ke4 Bd2 47. Kxf3 Bxb4 48. Bxb4 Kxb4 49. Kf4 1-0

[Event "London Classic op 4th"]
[Site "London"]
[Date "2012.12.01"]
[Round "1"]
[White "Rodriguez Alvarez, Vidal Hely"]
[Black "McKenna, Jason P"]
[Result "1/2-1/2"]
[WhiteElo "2148"]
[BlackElo "2102"]
[PlyCount "98"]
[EventDate "2012.12.01"]
[EventType "swiss"]
[EventRounds "9"]
[EventCountry "ENG"]
[SourceTitle "CBM 151 Extra"]
[Source "ChessBase"]
[SourceDate "2012.12.18"]
[SourceVersion "1"]
[SourceVersionDate "2012.12.18"]
[SourceQuality "1"]

1. d4 g6 2. c4 Bg7 3. Nc3 d6 4. e4 Nf6 5. Nf3 0-0 6. Be2 e5 7. d5 Na6 8. Bg5 h6 9. Bh4 g5 10. Bg3 Nc5 11. Nd2 a5 12. h4 g4 13. h5 Nh7 14. Nf1 Ng5 15. Bh4 Bf6 16. Bxg5 Bxg5 17. Ng3 Bf4 18. Bxg4 Bxg3 19. fxg3 Qg5 20. Bxc8 Qxg3+ 21. Kf1 Raxc8 22. Rh3 Qf4+ 23. Rf3 Qg4 24. Rf5 Qh4 25. Qe1 Qh1+ 26. Ke2 Qxg2+ 27. Qf2 Qxf2+ 28. Rxf2 f6 29. Rg1+ Kh7 30. Rg6 Nd7 31. Rfg2 Rg8 32. Rxg8 Rxg8 33. Rxg8 Kxg8 34. Nb5 f5 35. exf5 Nf6 36. Nxc7 Kf7 37. a3 Nxh5 38. b4 axb4 39. axb4 Ng3+ 40. Kf3 Nxf5 41. c5 h5 42. Kf2 dxc5 43. bxc5 h4 44. Ne6 Ke7 45. Ng5 Kd7 46. Kf3 Nd4+ 47. Ke4 Nb3 48. c6+ bxc6 49. dxc6+ Kxc6 1/2-1/2

[Event "Paignton op"]
[Site "Paignton"]
[Date "2012.09.06"]
[Round "5"]
[White "McKenna, Jason P"]
[Black "Pickersgill, Adrian"]
[Result "1-0"]
[WhiteElo "2112"]
[BlackElo "1990"]
[PlyCount "71"]
[EventDate "2012.09.02"]
[EventType "swiss"]
[EventRounds "7"]
[EventCountry "ENG"]
[SourceTitle "CBM 150 Extra"]
[Source "ChessBase"]
[SourceDate "2012.10.19"]
[SourceVersion "1"]
[SourceVersionDate "2012.10.19"]
[SourceQuality "1"]

1. e4 d6 2. d4 Nf6 3. Nc3 c6 4. a4 a5 5. Be2 Nbd7 6. Be3 e5 7. Qd2 Be7 8. h3 0-0 9. Nf3 Re8 10. d5 Qc7 11. 0-0 Nf8 12. Rfd1 Ng6 13. Ne1 Bf8 14. Nd3 h6 15. b3 Bd7 16. Nb2 Qc8 17. Nc4 Ra6 18. Nb6 Rxb6 19. Bxb6 Nf4 20. Bf1 c5 21. Qe3 g5 22. Ne2 g4 23. h4 N6h5 24. g3 Bg7 25. Bxa5 f5 26. Nc3 Nh3+ 27. Bxh3 f4 28. Qe2 gxh3 29. Qxh5 Bg4 30. Qg6 fxg3 31. fxg3 Bxd1 32. Rxd1 Rf8 33. Qe6+ Qxe6 34. dxe6 Ra8 35. Rxd6 Bf6 36. Nd5 1-0

[Event "Paignton op"]
[Site "Paignton"]
[Date "2012.09.05"]
[Round "4"]
[White "Mackle, Dominic"]
[Black "McKenna, Jason P"]
[Result "1-0"]
[WhiteElo "2227"]
[BlackElo "2112"]
[PlyCount "95"]
[EventDate "2012.09.02"]
[EventType "swiss"]
[EventRounds "7"]
[EventCountry "ENG"]
[SourceTitle "CBM 150 Extra"]
[Source "ChessBase"]
[SourceDate "2012.10.19"]
[SourceVersion "1"]
[SourceVersionDate "2012.10.19"]
[SourceQuality "1"]

1. d4 g6 2. c4 Bg7 3. Nc3 Nf6 4. e4 d6 5. Nf3 0-0 6. Be2 e5 7. 0-0 Nc6 8. d5 Ne7 9. b4 Nh5 10. g3 f5 11. Ng5 Nf6 12. Bf3 c6 13. Bg2 cxd5 14. cxd5 h6 15. Ne6 Bxe6 16. dxe6 fxe4 17. b5 Rc8 18. Qb3 d5 19. Ba3 Re8 20. Rad1 Qb6 21. Bxe7 Rxe7 22. Nxd5 Nxd5 23. Rxd5 Rf8 24. Rd7 Rxd7 25. exd7+ Kh7 26. Bxe4 Qd4 27. Qd5 Qxd5 28. Bxd5 Rd8 29. Rd1 b6 30. Be4 Bf6 31. Rd6 Kg7 32. h4 Kf7 33. Bc6 Ke7 34. Rd3 Ke6 35. Ra3 Be7 36. Rxa7 Bc5 37. Kf1 g5 38. Ra4 Bd4 39. hxg5 hxg5 40. f3 Bc5 41. Ke2 Rh8 42. Kd3 Be7 43. Ke4 Rf8 44. Ra6 Bd8 45. Ra8 Kd6 46. a4 Kc7 47. Rc8+ Kd6 48. a5 1-0

[Event "Paignton op"]
[Site "Paignton"]
[Date "2012.09.02"]
[Round "1"]
[White "McKenna, Jason P"]
[Black "Taylor, Geoffrey P"]
[Result "1-0"]
[WhiteElo "2112"]
[BlackElo "1934"]
[PlyCount "81"]
[EventDate "2012.09.02"]
[EventType "swiss"]
[EventRounds "7"]
[EventCountry "ENG"]
[SourceTitle "CBM 150 Extra"]
[Source "ChessBase"]
[SourceDate "2012.10.19"]
[SourceVersion "1"]
[SourceVersionDate "2012.10.19"]
[SourceQuality "1"]

1. e4 c5 2. Nf3 d6 3. d4 cxd4 4. Nxd4 Nf6 5. Nc3 a6 6. a4 e5 7. Nde2 Be6 8. g3 Be7 9. Bg2 Nbd7 10. 0-0 Rc8 11. h3 Bc4 12. g4 h6 13. b3 Bxe2 14. Nxe2 Nc5 15. Ng3 g6 16. Be3 Ne6 17. Qd2 Bf8 18. Rad1 Qc7 19. c4 a5 20. f4 exf4 21. Bxf4 Nxf4 22. Qxf4 Be7 23. Rde1 Qc5+ 24. Kh1 Qe5 25. Qe3 0-0 26. Ne2 Kg7 27. Nd4 Nh7 28. Nf3 Qc5 29. Qc3+ Bf6 30. e5 dxe5 31. Nd2 Rc7 32. Ne4 Qb4 33. Qxb4 axb4 34. Nxf6 Nxf6 35. Rxe5 Rd8 36. Rb5 Re7 37. Rxb4 Rd3 38. Rb6 Ne4 39. Bxe4 Rxe4 40. Rxb7 Kg8 41. Rbxf7 1-0

[Event "SCO-ch 119th"]
[Site "Glasgow"]
[Date "2012.07.11"]
[Round "5"]
[White "Klug, Christian"]
[Black "McKenna, Jason P"]
[Result "0-1"]
[WhiteElo "1894"]
[BlackElo "2115"]
[PlyCount "46"]
[EventDate "2012.07.07"]
[EventType "swiss"]
[EventRounds "9"]
[EventCountry "SCO"]
[SourceTitle "CBM 149 Extra"]
[Source "ChessBase"]
[SourceDate "2012.08.24"]
[SourceVersion "1"]
[SourceVersionDate "2012.08.24"]
[SourceQuality "1"]

1. g3 g6 2. Bg2 Bg7 3. d3 d6 4. c3 c5 5. Nf3 Nc6 6. Nbd2 Nf6 7. 0-0 0-0 8. Re1 Rb8 9. d4 cxd4 10. cxd4 Bg4 11. h3 Bd7 12. Rb1 Qc8 13. Kh2 Nb4 14. a3 Nc2 15. Rf1 Bf5 16. Nh4 Nxd4 17. Nxf5 Qxf5 18. e3 Nc6 19. e4 Qd7 20. Nc4 Rbc8 21. Be3 b5 22. Nd2 Ne5 23. f4 Neg4+ 0-1

[Event "SCO-ch 119th"]
[Site "Glasgow"]
[Date "2012.07.07"]
[Round "1"]
[White "Dunnington, Angus J"]
[Black "McKenna, Jason P"]
[Result "1-0"]
[WhiteElo "2386"]
[BlackElo "2115"]
[PlyCount "73"]
[EventDate "2012.07.07"]
[EventType "swiss"]
[EventRounds "9"]
[EventCountry "SCO"]
[SourceTitle "CBM 149 Extra"]
[Source "ChessBase"]
[SourceDate "2012.08.24"]
[SourceVersion "1"]
[SourceVersionDate "2012.08.24"]
[SourceQuality "1"]

1. b3 Nf6 2. Bb2 g6 3. Bxf6 exf6 4. c4 Bg7 5. Nc3 0-0 6. g3 d6 7. e3 Nd7 8. Bg2 Re8 9. Nge2 c6 10. 0-0 f5 11. d4 Nf6 12. Qc2 Qe7 13. b4 Ne4 14. b5 Bd7 15. Rab1 Rab8 16. bxc6 Nxc3 17. Nxc3 Bxc6 18. Bxc6 bxc6 19. Rb3 h5 20. Rfb1 Rxb3 21. Qxb3 Rc8 22. Qb7 Rc7 23. Qb8+ Kh7 24. h4 f4 25. gxf4 Qd7 26. Ne4 Qg4+ 27. Kf1 Qh3+ 28. Ke2 Qg4+ 29. Kd2 Rc8 30. Qb7 Kg8 31. Nxd6 Rf8 32. Qxc6 Qxh4 33. Qf3 Qe7 34. c5 Qd7 35. Rb3 Rd8 36. f5 gxf5 37. Nxf5 1-0